[Event "chess.com SpeedChess Q1KO"]
[Site "chess.com INT"]
[Date "2022.11.11"]
[Round "3.7"]
[White "Le, Tuan Minh"]
[Black "Paravyan, David"]
[Result "0-1"]
[WhiteTitle "IM"]
[BlackTitle "GM"]
[WhiteElo "2542"]
[BlackElo "2586"]
[WhiteFideId "12401153"]
[BlackFideId "4194985"]
[EventDate "2022.11.11"]

1. d4 Nf6 2. Nf3 g6 3. Bg5 Bg7 4. Nbd2 h6 5. Bh4 c5 6. Bxf6 Bxf6 7. Ne4 Qb6 8.
Nxf6+ exf6 9. b3 d5 10. e3 Nc6 11. c3 Be6 12. Be2 Kf8 13. O-O Kg7 14. dxc5 Qxc5
15. Rc1 Rac8 16. Qd2 Rc7 17. Rfd1 Rhc8 18. h3 a6 19. Bd3 Ne5 20. Nd4 Bd7 21. Be2
Qa5 22. f4 Nc6 23. b4 Qb6 24. Nb3 Ne7 25. Nc5 Bb5 26. Bg4 Re8 27. Qd4 h5 28.
Ne6+ Qxe6 29. Bxe6 fxe6 30. e4 Rc4 31. Qb6 Bc6 32. e5 Rxf4 33. exf6+ Rxf6 34.
Qd4 e5 35. Qxe5 Nf5 36. Qc7+ Re7 37. Qf4 Ne3 38. Qd4 Re4 39. Qb6 Nxd1 40. Rxd1
d4 41. Rxd4 Re1+ 42. Kh2 Re2 43. Qc7+ Kh6 44. Qg3 Rff2 45. Re4 Bxe4 0-1

[Event "chess.com SpeedChess Q1KO"]
[Site "chess.com INT"]
[Date "2022.11.11"]
[Round "3.8"]
[White "Paravyan, David"]
[Black "Le, Tuan Minh"]
[Result "1-0"]
[WhiteTitle "GM"]
[BlackTitle "IM"]
[WhiteElo "2586"]
[BlackElo "2542"]
[WhiteFideId "4194985"]
[BlackFideId "12401153"]
[EventDate "2022.11.11"]

1. e4 d5 2. exd5 Qxd5 3. Nc3 Qd8 4. d4 Nf6 5. Nf3 c6 6. Bg5 Bf5 7. Bd3 Bg6 8.
Ne5 e6 9. Nxg6 hxg6 10. Qf3 Bb4 11. O-O Qxd4 12. Ne4 Nxe4 13. Bxe4 Qe5 14. Bf4
Qf6 15. Qg3 Na6 16. Rad1 Qh4 17. Qf3 O-O 18. a3 Ba5 19. g3 Qf6 20. b4 Bc7 21.
Be3 Qxf3 22. Bxf3 Bb6 23. Bf4 Rad8 24. c4 Bd4 25. Kg2 e5 26. Bg5 f6 27. Bc1 Nc7
28. h4 Ne6 29. h5 gxh5 30. Bxh5 f5 31. c5 Rd7 32. Rh1 Rf6 33. Be2 g6 34. Bc4 Kg7
35. Bh6+ Kf7 36. Bg5 Kg7 37. Bxf6+ Kxf6 38. Rh8 b6 39. Bxe6 Kxe6 40. cxb6 axb6
41. a4 Ra7 42. Rc8 Kd7 43. Rg8 Rxa4 44. Rxg6 Ra2 45. Rf1 Rb2 46. b5 Rxb5 47. Rh1
e4 48. Rh7+ Ke8 49. Rg8# 1-0

[Event "chess.com SpeedChess Q1KO"]
[Site "chess.com INT"]
[Date "2022.11.11"]
[Round "3.9"]
[White "Le, Tuan Minh"]
[Black "Paravyan, David"]
[Result "1/2-1/2"]
[WhiteTitle "IM"]
[BlackTitle "GM"]
[WhiteElo "2542"]
[BlackElo "2586"]
[WhiteFideId "12401153"]
[BlackFideId "4194985"]
[EventDate "2022.11.11"]

1. d4 Nf6 2. Nf3 g6 3. Bg5 Bg7 4. Nbd2 h6 5. Bh4 c5 6. Bxf6 Bxf6 7. Ne4 Qb6 8.
Nxf6+ exf6 9. b3 d5 10. e3 Nc6 11. c3 Be6 12. Be2 Kf8 13. O-O Kg7 14. Rc1 Rac8
15. Qd2 Rc7 16. dxc5 Qxc5 17. h3 Rhc8 18. Rfd1 a5 19. Qb2 b5 20. Bd3 Qb6 21. Rc2
b4 22. Rdc1 bxc3 23. Rxc3 d4 24. Nxd4 Nxd4 25. Rxc7 Rxc7 26. Rxc7 Nf3+ 27. gxf3
Qxc7 28. h4 Qb7 29. Be4 Qb4 30. Kg2 a4 31. Qc1 axb3 32. axb3 Qxb3 33. Qc7 Qb4
34. Qg3 h5 35. Qf4 Qc5 36. Bd3 Qe5 37. Qg3 1/2-1/2

[Event "chess.com SpeedChess Q1KO"]
[Site "chess.com INT"]
[Date "2022.11.11"]
[Round "3.10"]
[White "Paravyan, David"]
[Black "Le, Tuan Minh"]
[Result "1/2-1/2"]
[WhiteTitle "GM"]
[BlackTitle "IM"]
[WhiteElo "2586"]
[BlackElo "2542"]
[WhiteFideId "4194985"]
[BlackFideId "12401153"]
[EventDate "2022.11.11"]

1. e4 c5 2. Nf3 Nf6 3. Nc3 d5 4. exd5 Nxd5 5. Bb5+ Bd7 6. Ne5 Nf6 7. Qf3 Qc8 8.
d3 Bxb5 9. Nxb5 a6 10. Nc3 e6 11. Bg5 Be7 12. Ne4 Nbd7 13. Nxd7 Nxd7 14. Bxe7
Kxe7 15. Qg3 Qc6 16. Qxg7 Rag8 17. Qc3 Qd5 18. b3 h5 19. O-O-O Qd4 20. g3 h4 21.
Rhe1 b5 22. Re2 hxg3 23. hxg3 Rh2 24. Qxd4 cxd4 25. Red2 f5 26. f4 Rxd2 27. Nxd2
Rxg3 28. Rh1 Nf6 29. Rh8 Nd5 30. b4 Nxb4 31. Nb3 Nd5 32. Nxd4 Nxf4 33. Ra8 Rg4
34. Nc6+ Kf6 35. Rxa6 Nd5 36. Nd8 Nf4 37. Rb6 Rg8 38. Nc6 Nd5 39. Rxb5 f4 40.
Nd4 Rd8 41. Nf3 Rh8 42. c4 Ne3 43. Rb6 Ke7 44. Nd4 Kd7 45. Rxe6 Rh1+ 46. Kd2
Rh2+ 47. Kc3 Rxa2 48. Re4 Rf2 49. Ne6 Ng2 50. Kd4 f3 51. Nc5+ Kd8 52. Ne6+ Kd7
53. Nc5+ Kd8 54. Ne6+ Kd7 1/2-1/2

[Event "chess.com SpeedChess Q1KO"]
[Site "chess.com INT"]
[Date "2022.11.11"]
[Round "3.11"]
[White "Le, Tuan Minh"]
[Black "Paravyan, David"]
[Result "1-0"]
[WhiteTitle "IM"]
[BlackTitle "GM"]
[WhiteElo "2542"]
[BlackElo "2586"]
[WhiteFideId "12401153"]
[BlackFideId "4194985"]
[EventDate "2022.11.11"]

1. Nf3 Nf6 2. b3 g6 3. Bb2 Bg7 4. e3 c5 5. Be2 O-O 6. O-O Nc6 7. d4 cxd4 8. Nxd4
d5 9. Nd2 Nxd4 10. Bxd4 Qd6 11. Nf3 Bf5 12. c4 dxc4 13. Bxc4 a6 14. Be5 Qb6 15.
Qd4 Qxd4 16. Nxd4 Ng4 17. Bxg7 Kxg7 18. Rfd1 Nf6 19. f3 b5 20. Be2 Rfc8 21. a4
bxa4 22. Rxa4 Bd7 23. Rxa6 Rxa6 24. Bxa6 Rc3 25. Rd3 Rc1+ 26. Kf2 e5 27. Ne2 Ra1
28. Bc4 e4 29. Rd2 exf3 30. gxf3 Rh1 31. Kg2 Re1 32. e4 Be6 33. Bxe6 fxe6 34.
Rb2 Nd7 35. Nf4 Kf6 36. b4 Nb6 37. Nd3 Rd1 38. Nc5 Nc4 39. Ra2 Rb1 40. Ra6 Rxb4
41. Rxe6+ Kf7 42. Ra6 Ne5 43. Ra3 Rc4 44. Nb7 Rc2+ 45. Kg3 g5 46. Nd6+ Ke6 47.
Nf5 Ng6 48. Nd4+ 1-0

[Event "chess.com SpeedChess Q1KO"]
[Site "chess.com INT"]
[Date "2022.11.11"]
[Round "3.12"]
[White "Paravyan, David"]
[Black "Le, Tuan Minh"]
[Result "1/2-1/2"]
[WhiteTitle "GM"]
[BlackTitle "IM"]
[WhiteElo "2586"]
[BlackElo "2542"]
[WhiteFideId "4194985"]
[BlackFideId "12401153"]
[EventDate "2022.11.11"]

1. e4 d5 2. exd5 Qxd5 3. Nc3 Qd8 4. d4 Nf6 5. Nf3 Bf5 6. Nh4 Bg4 7. Qd3 c6 8. h3
Be6 9. Bf4 g6 10. O-O-O Bg7 11. a3 Nbd7 12. Re1 Nb6 13. Be5 Qd7 14. Qg3 O-O-O
15. Bd3 Nh5 16. Qe3 Bxe5 17. dxe5 Qd4 18. Qxd4 Rxd4 19. Nf3 Rdd8 20. g3 Ng7 21.
Ng5 h6 22. Nxe6 Nxe6 23. f4 Kc7 24. Rhf1 Nc5 25. Be2 e6 26. b4 Ncd7 27. Ne4 Nc8
28. c4 Ndb6 29. Nd6 Nxd6 30. exd6+ Kd7 31. c5 Nd5 32. Bc4 b6 33. g4 h5 34. f5
gxf5 35. gxf5 Rdf8 36. Re5 bxc5 37. bxc5 h4 38. fxe6+ fxe6 39. Rxf8 Rxf8 40. Rh5
Rf4 41. Rh7+ Kd8 42. Bxd5 exd5 43. Kd2 Rc4 44. Rh8+ Kd7 45. Rh7+ Kd8 46. Rh8+
Kd7 47. Rh7+ Kd8 1/2-1/2

[Event "chess.com SpeedChess Q1KO"]
[Site "chess.com INT"]
[Date "2022.11.11"]
[Round "3.13"]
[White "Le, Tuan Minh"]
[Black "Paravyan, David"]
[Result "1-0"]
[WhiteTitle "IM"]
[BlackTitle "GM"]
[WhiteElo "2542"]
[BlackElo "2586"]
[WhiteFideId "12401153"]
[BlackFideId "4194985"]
[EventDate "2022.11.11"]

1. d4 Nf6 2. Nf3 g6 3. Bf4 Bg7 4. e3 c5 5. c3 O-O 6. Be2 cxd4 7. cxd4 Nc6 8. Nc3
Nh5 9. Bg3 Nxg3 10. hxg3 d5 11. Rc1 Bg4 12. Qb3 Bxf3 13. gxf3 e6 14. Qxb7 Na5
15. Qa6 Rb8 16. b3 h5 17. Kf1 Nb7 18. Kg2 Nd6 19. Bd3 Qe7 20. Ne2 Rfc8 21. Rxc8+
Rxc8 22. a4 e5 23. dxe5 Bxe5 24. Qa5 Qe6 25. Qb4 Kg7 26. Nf4 Bxf4 27. Qxf4 Rc3
28. Qd4+ Qf6 29. Qxd5 Nc8 30. Be4 Nb6 31. Qb5 a6 32. Qxa6 Rxb3 33. a5 Na4 34.
Qxf6+ Kxf6 35. Ra1 Nc5 36. a6 Nxe4 37. a7 1-0

[Event "chess.com SpeedChess Q1KO"]
[Site "chess.com INT"]
[Date "2022.11.11"]
[Round "3.14"]
[White "Paravyan, David"]
[Black "Le, Tuan Minh"]
[Result "1/2-1/2"]
[WhiteTitle "GM"]
[BlackTitle "IM"]
[WhiteElo "2586"]
[BlackElo "2542"]
[WhiteFideId "4194985"]
[BlackFideId "12401153"]
[EventDate "2022.11.11"]

1. e4 d5 2. exd5 Qxd5 3. Nc3 Qd8 4. d4 Nf6 5. Nf3 c6 6. Ne5 Nbd7 7. Bf4 Nxe5 8.
Bxe5 Bf5 9. Bc4 e6 10. Qe2 Bb4 11. O-O O-O 12. Nd1 Nd7 13. Bg3 Nb6 14. Bb3 Bd6
15. Bxd6 Qxd6 16. c3 a5 17. a3 a4 18. Ba2 c5 19. dxc5 Qxc5 20. Ne3 Bg6 21. Rad1
Rfd8 22. Rxd8+ Rxd8 23. Rd1 Rd6 24. h4 h6 25. Qf3 Rxd1+ 26. Qxd1 Be4 27. g3 Qc7
28. Qd4 Bc6 29. Bb1 Nd7 30. Bc2 Qb6 31. Qxb6 Nxb6 32. f4 Kf8 33. Kf2 Ke7 34. g4
f6 35. Bd3 g5 36. fxg5 fxg5 37. hxg5 hxg5 38. Nc4 Nd7 39. Ke3 Nf6 40. Be2 Bb5
41. Kd4 Ba6 42. Bf3 Nd7 43. Ne5 Nf6 44. Kc5 Ne8 45. c4 Kf6 46. Nd7+ Ke7 47. Nb8
Nf6 48. Kd4 e5+ 49. Kxe5 Bxc4 50. Bxb7 Nxg4+ 51. Kf5 Ne3+ 52. Kxg5 Nd1 53. Bc6
Nxb2 54. Kf4 Kd6 55. Ke3 Kc7 56. Kd4 Bb3 57. Kc3 Nd1+ 58. Kb4 Kxb8 59. Bxa4 Bxa4
60. Kxa4 Nc3+ 61. Kb4 Ne4 62. a4 Nd6 63. a5 Nc8 64. a6 Ka7 65. Kc5 Kxa6 1/2-1/2

[Event "chess.com SpeedChess Q1KO"]
[Site "chess.com INT"]
[Date "2022.11.11"]
[Round "3.15"]
[White "Le, Tuan Minh"]
[Black "Paravyan, David"]
[Result "0-1"]
[WhiteTitle "IM"]
[BlackTitle "GM"]
[WhiteElo "2542"]
[BlackElo "2586"]
[WhiteFideId "12401153"]
[BlackFideId "4194985"]
[EventDate "2022.11.11"]

1. Nf3 Nf6 2. b3 c5 3. Bb2 Nc6 4. e3 g6 5. Be2 Bg7 6. O-O O-O 7. d4 cxd4 8. Nxd4
Nxd4 9. Bxd4 d5 10. Nd2 Qd6 11. c4 e5 12. Bb2 d4 13. exd4 exd4 14. Nf3 Ng4 15.
h3 Ne5 16. Nxd4 Rd8 17. Qc2 Nc6 18. Nxc6 Bf5 19. Qc1 bxc6 20. Bxg7 Kxg7 21. Bf3
Qf6 22. Re1 Bxh3 23. Bxc6 Qxc6 24. Qc3+ Qf6 25. Qxh3 Rd2 26. Qe3 Rad8 27. Rac1
Rxa2 28. c5 Rd3 29. Qe5 Rxf2 30. Qxf6+ Rxf6 31. c6 Rd8 32. Re4 Rc8 33. Rec4 Rc7
34. b4 a6 35. Kh2 Kf8 36. Kg3 Ke7 37. R1c2 h5 38. Rc5 Re6 39. Kf4 Kf6 40. g3 Ke7
41. Rc1 Kd8 42. R1c2 Kc8 43. Rc1 Rce7 44. Kg5 Kc7 45. Kh6 Re5 46. Rxe5 Rxe5 47.
Rf1 Re7 48. Rf6 Kb6 49. Kg7 Re3 50. Kxf7 Rxg3 51. Ke7 Kc7 52. Kf7 h4 53. Kg7 h3
54. Rf2 g5 55. Kg6 g4 56. Kg5 Rg2 57. Rf1 h2 0-1

[Event "chess.com SpeedChess Q1KO"]
[Site "chess.com INT"]
[Date "2022.11.11"]
[Round "3.16"]
[White "Paravyan, David"]
[Black "Le, Tuan Minh"]
[Result "1/2-1/2"]
[WhiteTitle "GM"]
[BlackTitle "IM"]
[WhiteElo "2586"]
[BlackElo "2542"]
[WhiteFideId "4194985"]
[BlackFideId "12401153"]
[EventDate "2022.11.11"]

1. e4 d5 2. exd5 Qxd5 3. Nc3 Qd8 4. d4 Nf6 5. Nf3 c6 6. Bg5 Bf5 7. Bc4 e6 8. Nh4
Bg6 9. Nxg6 hxg6 10. Qd3 Bb4 11. O-O-O Qa5 12. Bxf6 gxf6 13. Ne4 Be7 14. Kb1 Nd7
15. Bb3 f5 16. Nd2 Qc7 17. Nf3 Bf6 18. h4 O-O-O 19. Qe2 Nb6 20. c3 Nd5 21. g3
Kb8 22. Rhe1 Nb6 23. Qe3 Rd7 24. Ne5 Bxe5 25. dxe5 Rhd8 26. Rxd7 Rxd7 27. Rd1
Rxd1+ 28. Bxd1 Nc4 29. Qc5 b5 30. Be2 Nxe5 31. h5 gxh5 32. Bxh5 Kb7 33. Be2 Nd7
34. Qe7 Nb6 35. Qe8 Qd7 36. Qf8 a5 37. a3 Nd5 38. Kc1 Kc7 39. c4 bxc4 40. Qc5
Nb6 41. Qxa5 Qd4 42. Qa7+ Kd6 43. Qb8+ Ke7 44. Qc7+ Kf6 45. Bh5 Qxf2 46. Qxf7+
Ke5 47. Qc7+ Ke4 48. Qxc6+ Nd5 49. Qxc4+ Ke5 50. Kb1 Qxg3 51. Bf7 Qe1+ 52. Ka2
Kf6 53. Bg8 f4 54. Qc8 Qe5 55. Qf8+ Kg5 56. Qf7 Ne3 57. Qxe6 Qxe6+ 58. Bxe6 f3
59. Bd7 f2 60. Bb5 Kf4 61. a4 Ke5 62. a5 Kd6 63. a6 Kc7 64. Kb3 Kb6 65. Be2 f1=Q
66. Bxf1 Nxf1 67. Kc3 Kxa6 68. b4 Kb5 69. Kd4 Kxb4 1/2-1/2